Chinese horoscopes

Gespeichert in:
Bibliographische Detailangaben
1. Verfasser: Delsol, Paula
Format: Buch
Sprache:Undetermined
Veröffentlicht: London Pan Books 1973
Schlagworte:
Tags: Tag hinzufügen
Keine Tags, Fügen Sie den ersten Tag hinzu!
Thư viện lưu trữ: Trung tâm Học liệu Trường Đại học Cần Thơ
LEADER 00466nam a2200181Ia 4500
001 CTU_91446
008 210402s9999 xx 000 0 und d
082 |a 133.59251 
082 |b D365 
100 |a Delsol, Paula 
245 0 |a Chinese horoscopes 
245 0 |c Paula Delsol 
260 |a London 
260 |b Pan Books 
260 |c 1973 
650 |a Astrology, chinese,Horoscopes 
904 |i Nguyên 
980 |a Trung tâm Học liệu Trường Đại học Cần Thơ